[Event "10. OSIJEK OPEN"]
[Site "Osijek"]
[Date "2017.02.23"]
[Round "2.30"]
[White "Pralija, Marin"]
[Black "Medved, Dorian"]
[Result "1-0"]
[WhiteElo "1724"]
[BlackElo "1356"]
[PlyCount "77"]
[EventDate "2017.02.23"]

1. e4 e5 2. d4 Nc6 3. d5 Nce7 4. f4 d6 5. fxe5 dxe5 6. Nf3 Ng6 7. Be3 Nf6 8.
Nbd2 Bd6 9. c4 Bb4 10. Qa4+ Bd7 11. Qxb4 b6 12. h3 a5 13. Qc3 Qe7 14. Be2 O-O
15. O-O Rab8 16. Bg5 h6 17. Bxf6 Qxf6 18. Nh2 Qd6 19. Bg4 Qc5+ 20. Kh1 Bxg4 21.
Nxg4 Qd6 22. Qa3 c5 23. Ne3 Rbc8 24. Nf5 Qf6 25. Nxh6+ gxh6 26. Rxf6 Rb8 27.
Raf1 Rb7 28. Qg3 Kg7 29. Rxg6+ fxg6 30. Rxf8 Kxf8 31. Qxe5 Kf7 32. Qe6+ Kg7 33.
d6 Kf8 34. d7 Rb8 35. Qd6+ Kf7 36. Qxb8 Ke6 37. d8=Q g5 38. Qbd6+ Kf7 39. Q6f6#
1-0

[Event "10. OSIJEK OPEN"]
[Site "Osijek"]
[Date "2017.02.24"]
[Round "3.1"]
[White "Stocko, Josip"]
[Black "Cajzler, Hinko"]
[Result "1/2-1/2"]
[WhiteElo "2348"]
[BlackElo "2086"]
[PlyCount "152"]
[EventDate "2017.02.23"]

1. e4 e5 2. Nf3 Nc6 3. d3 d6 4. Be2 Be7 5. O-O Bf6 6. c3 Nge7 7. Nbd2 Ng6 8.
Re1 O-O 9. b4 a6 10. Bf1 Kh8 11. Nc4 d5 12. Ne3 Nce7 13. Qc2 c6 14. a4 Be6 15.
Nd2 d4 16. Nec4 dxc3 17. Qxc3 Qc7 18. Nb3 Nc8 19. a5 Be7 20. Be3 Nd6 21. Bb6
Qb8 22. Nxd6 Bxd6 23. Nc5 Bc8 24. g3 Re8 25. Be2 Nf8 26. Bh5 g6 27. Bd1 Ne6 28.
Bb3 Bxc5 29. Bxc5 Nxc5 30. bxc5 Be6 31. Rab1 Kg8 32. Ba4 Qc7 33. Rb6 Rad8 34.
Reb1 Bc8 35. Bb3 Kg7 36. Bc4 Rd4 37. R1b4 Red8 38. Qb2 R8d7 39. Kg2 Qd8 40. f4
Qe7 41. fxe5 Qxe5 42. Bd5 R4xd5 43. exd5 Qxb2+ 44. Rxb2 Rxd5 45. Rc2 Rxd3 46.
Rbb2 Ra3 47. Ra2 Rb3 48. Kf2 h5 49. Re2 Rb5 50. Rec2 Kf6 51. Ke3 Ke5 52. Rf2
Rb3+ 53. Kd2 Be6 54. Re2+ Kd4 55. Rc2 Ra3 56. Rb2 Rxa5 57. Rxb7 Ra2+ 58. Ke1
Rxe2+ 59. Kxe2 Kxc5 60. Kd2 a5 61. Kc3 a4 62. Ra7 Bb3 63. Ra5+ Kb6 64. Kb4 Kc7
65. Kc5 Kd7 66. Ra7+ Ke6 67. Kxc6 Kf5 68. Rb7 Kg4 69. Kd6 Kh3 70. Ke5 Kxh2 71.
Kf4 g5+ 72. Kxg5 Kxg3 73. Kxh5 f5 74. Rg7+ Kf3 75. Ra7 Bd1 76. Kh4 Bb3 1/2-1/2

[Event "10. OSIJEK OPEN"]
[Site "Osijek"]
[Date "2017.02.24"]
[Round "3.2"]
[White "Klem, Davor"]
[Black "Bender, Ivan"]
[Result "0-1"]
[WhiteElo "2058"]
[BlackElo "2240"]
[PlyCount "140"]
[EventDate "2017.02.23"]

1. e4 d5 2. Nc3 d4 3. Nb1 Nf6 4. e5 Nd5 5. Bc4 Nc6 6. Nf3 Na5 7. Bb5+ c6 8. Be2
c5 9. d3 Nc6 10. c4 Nc7 11. O-O Ne6 12. Re1 g6 13. Ng5 Nxe5 14. Nxe6 Bxe6 15.
Bf4 Bg7 16. Bxe5 Bxe5 17. Bf3 Qc7 18. g3 O-O 19. Nd2 Rab8 20. Ne4 Bd7 21. Qe2
Bg7 22. h4 h6 23. a3 e5 24. b4 b6 25. Rab1 Be6 26. Nd2 f5 27. b5 h5 28. Bc6 Bd7
29. Bd5+ Kh8 30. Nf3 Rbe8 31. Ng5 Bc8 32. Qf3 Bf6 33. Rb2 Bxg5 34. hxg5 Re7 35.
Rbe2 Bd7 36. Qg2 Qd6 37. f4 Rfe8 38. Qf3 exf4 39. Rxe7 Rxe7 40. Rxe7 Qxe7 41.
Qxf4 Be8 42. Qb8 Kg7 43. Kh2 Bf7 44. Bxf7 Kxf7 45. Kh3 Kg7 46. Kh4 Kf7 47. a4
Kg7 48. Qa8 f4 49. gxf4 Qe1+ 50. Kh3 Qf1+ 51. Kh2 Qxf4+ 52. Kh3 Qg4+ 53. Kh2
Qh4+ 54. Kg2 Qxg5+ 55. Kh2 Qe7 56. Qb8 g5 57. Kg2 Qe2+ 58. Kg1 Qg4+ 59. Kh1
Qh3+ 60. Kg1 Qe3+ 61. Kg2 Qe7 62. Kh1 h4 63. Qc8 Kg6 64. Qc6+ Qf6 65. Qe8+ Qf7
66. Qc8 Kh5 67. Qh8+ Kg4 68. Qc8+ Kg3 69. Qb8+ Qf4 70. Qxa7 Qf1# 0-1

[Event "10. OSIJEK OPEN"]
[Site "Osijek"]
[Date "2017.02.24"]
[Round "3.3"]
[White "Ljikar, Zoran"]
[Black "Cenkovcan, Andrija"]
[Result "1-0"]
[WhiteElo "2212"]
[BlackElo "2030"]
[PlyCount "67"]
[EventDate "2017.02.23"]

1. e4 e6 2. d4 d5 3. Nc3 Nf6 4. e5 Nfd7 5. f4 c5 6. Nf3 Nc6 7. Be3 Qb6 8. Na4
Qa5+ 9. c3 cxd4 10. b4 Nxb4 11. cxb4 Bxb4+ 12. Bd2 Bxd2+ 13. Nxd2 b5 14. Nb2
Nb6 15. Kf2 Nc4 16. Ndxc4 dxc4 17. Qxd4 Bb7 18. Be2 Rd8 19. Qe3 Rd2 20. Rab1
Bd5 21. Rhd1 Rxd1 22. Nxd1 b4 23. Qd4 c3 24. Ne3 O-O 25. Rxb4 Rc8 26. Qxc3 Qd8
27. Qd2 Qh4+ 28. Kg1 Ba8 29. Ba6 Rd8 30. Rd4 Rb8 31. Bf1 h5 32. g3 Qe7 33. Rd7
Qf8 34. Qd6 1-0

[Event "10. OSIJEK OPEN"]
[Site "Osijek"]
[Date "2017.02.24"]
[Round "3.4"]
[White "Mravunac, Branko"]
[Black "Babic, Radoslav"]
[Result "0-1"]
[WhiteElo "1970"]
[BlackElo "2212"]
[PlyCount "90"]
[EventDate "2017.02.23"]

1. e4 e6 2. d4 d5 3. exd5 exd5 4. Bd3 Bd6 5. Nf3 Ne7 6. O-O O-O 7. c3 Bf5 8.
Bxf5 Nxf5 9. g3 Nd7 10. Qd3 Qf6 11. a4 c6 12. b4 Qg6 13. Ng5 Nxg3 14. Qxg6 Ne2+
15. Kg2 fxg6 16. Be3 Rae8 17. Ra2 Nf4+ 18. Bxf4 Bxf4 19. Nh3 Bd6 20. Nd2 Re2
21. Ng1 Re7 22. Ndf3 Nf6 23. Rc2 Ne4 24. h3 g5 25. Re1 Ref7 26. Ree2 Rf4 27.
Ne5 Bxe5 28. dxe5 g4 29. hxg4 Rxg4+ 30. Kh2 Rf5 31. Nh3 Rh5 32. Re3 Ng5 33. Rd2
Nxh3 34. Rxh3 Rxe5 35. Rg3 Rf4 36. Kg2 Kf7 37. Rdd3 Ref5 38. f3 Re5 39. Kf2 h5
40. Re3 Rxe3 41. Kxe3 Rc4 42. Kd3 a5 43. bxa5 Rxa4 44. Rg5 g6 45. Re5 Rxa5 0-1

[Event "10. OSIJEK OPEN"]
[Site "Osijek"]
[Date "2017.02.24"]
[Round "3.5"]
[White "Grandic, Zvjezdan"]
[Black "Tomasic, Dragutin"]
[Result "1-0"]
[WhiteElo "2201"]
[BlackElo "1843"]
[PlyCount "43"]
[EventDate "2017.02.23"]

1. e4 d6 2. d4 Nf6 3. Nc3 g6 4. Be3 Bg7 5. Qd2 Ng4 6. Bf4 e5 7. dxe5 dxe5 8.
Qxd8+ Kxd8 9. Bg3 c6 10. O-O-O+ Ke7 11. h3 Nh6 12. f4 exf4 13. Bxf4 Rd8 14.
Rxd8 Kxd8 15. Nf3 f6 16. Bc4 Ke8 17. e5 fxe5 18. Nxe5 Nd7 19. Nf3 Nf7 20. Re1+
Kf8 21. Ng5 Nxg5 22. Bd6# 1-0

[Event "10. OSIJEK OPEN"]
[Site "Osijek"]
[Date "2017.02.24"]
[Round "3.6"]
[White "Oberman, Hotimir"]
[Black "Kovacevic, Srecko"]
[Result "0-1"]
[WhiteElo "1918"]
[BlackElo "2070"]
[PlyCount "106"]
[EventDate "2017.02.23"]

1. e4 c6 2. d4 d5 3. e5 Bf5 4. g4 Be4 5. f3 Bg6 6. h4 h5 7. Bd3 Bxd3 8. Qxd3 e6
9. g5 g6 10. Ne2 Qb6 11. Nf4 Ne7 12. Nd2 Nf5 13. Nb3 Nd7 14. Bd2 c5 15. Nxc5
Nxc5 16. dxc5 Bxc5 17. O-O-O O-O-O 18. Qb3 Qc7 19. Bc3 Be3+ 20. Kb1 Bxf4 21.
Qa4 Bxe5 22. Bxe5 Qxe5 23. Qxa7 Qe3 24. Qa8+ Kc7 25. Qa5+ Qb6 26. Qc3+ Kb8 27.
Qf6 Nd6 28. Rd3 Rc8 29. Rb3 Qc7 30. Rc1 Rhd8 31. Qd4 Nc4 32. Rb4 Rd6 33. c3 Rb6
34. Rb3 Qc5 35. Qf4+ Qc7 36. Qd4 Rxb3 37. axb3 Nd6 38. Kc2 Qc5 39. Qf4 Rc6 40.
Qf6 Qf2+ 41. Kb1 Qd2 42. Qd8+ Nc8 43. Qf6 Qd3+ 44. Rc2 Qf5 45. Qxf5 gxf5 46.
Rg2 Ne7 47. Kc2 Ng6 48. Rh2 Kc7 49. Kd3 Kd6 50. Rh1 Rb6 51. b4 Rc6 52. b3 Ne5+
53. Kc2 Nxf3 0-1

[Event "10. OSIJEK OPEN"]
[Site "Osijek"]
[Date "2017.02.24"]
[Round "3.7"]
[White "Ascic, Anto"]
[Black "Sos, Fran"]
[Result "1-0"]
[WhiteElo "2134"]
[BlackElo "1863"]
[PlyCount "63"]
[EventDate "2017.02.23"]

1. d4 Nf6 2. Nf3 c5 3. d5 d6 4. c4 b5 5. cxb5 a6 6. bxa6 Bxa6 7. Nc3 g6 8. e4
Bxf1 9. Kxf1 Bg7 10. g3 Nbd7 11. Kg2 O-O 12. Qe2 Qa5 13. Re1 Ng4 14. Nd2 Bxc3
15. Nc4 Qa6 16. bxc3 Nge5 17. Nb2 c4 18. Rd1 Nc5 19. Be3 Na4 20. Nxa4 Qxa4 21.
Bd4 Nd3 22. Rd2 e5 23. dxe6 fxe6 24. Qg4 e5 25. Be3 Qc6 26. Rb1 Rae8 27. f3 Rf7
28. Re2 Rb7 29. Rxb7 Qxb7 30. h4 Qb1 31. Qd7 Rf8 32. Bh6 1-0

[Event "10. OSIJEK OPEN"]
[Site "Osijek"]
[Date "2017.02.24"]
[Round "3.8"]
[White "Vidakovic, Mato"]
[Black "Kejzar, Petra"]
[Result "0-1"]
[WhiteElo "1838"]
[BlackElo "2044"]
[PlyCount "132"]
[EventDate "2017.02.23"]

1. e4 c5 2. Nf3 e6 3. d4 cxd4 4. Nxd4 Nf6 5. Nc3 d6 6. Bg5 a6 7. f4 Qc7 8. Qf3
b5 9. Qd3 Bb7 10. Bxf6 gxf6 11. g3 Nd7 12. b4 Rc8 13. Nde2 f5 14. Rc1 fxe4 15.
Nxe4 f5 16. Ng5 Bxh1 17. Nxe6 Qc4 18. Qxf5 Be4 19. Qg4 Nf6 20. Qh3 Bxc2 21. a3
Nd7 22. N6d4 Qa2 23. Qh5+ Qf7 24. Qxf7+ Kxf7 25. Bh3 Rc7 26. Bxd7 Rxd7 27. Rxc2
Bg7 28. Nf5 Rhd8 29. Nxg7 Kxg7 30. Nd4 Kf6 31. Rc6 Ke7 32. Kf2 d5 33. Ke3 Kf7
34. Rh6 Kg7 35. Nf5+ Kg8 36. Kd4 Rc8 37. Rxa6 Rc4+ 38. Kd3 d4 39. Nd6 Kf8 40.
Nxc4 bxc4+ 41. Kd2 c3+ 42. Kd3 Rc7 43. Re6 c2 44. Re1 c1=Q 45. Rxc1 Rxc1 46.
Kxd4 Ke7 47. a4 Kd6 48. f5 Ra1 49. a5 Rb1 50. Kc4 Kc6 51. g4 Rc1+ 52. Kd4 h6
53. Ke5 Rb1 54. Ke6 Rxb4 55. h3 Re4+ 56. Kf7 Kd7 57. f6 Ra4 58. Kg7 Rf4 59. a6
Ke6 60. a7 Ra4 61. Kxh6 Kxf6 62. Kh5 Rxa7 63. Kh4 Kg6 64. Kg3 Ra3+ 65. Kg2 Kg5
66. Kh2 Kh4 0-1

[Event "10. OSIJEK OPEN"]
[Site "Osijek"]
[Date "2017.02.24"]
[Round "3.9"]
[White "Lovric, Petar"]
[Black "Slobodjanac, Sinisa"]
[Result "1-0"]
[WhiteElo "2035"]
[BlackElo "1854"]
[PlyCount "71"]
[EventDate "2017.02.23"]

1. d4 Nf6 2. Nf3 d5 3. g3 Bf5 4. Bg2 e6 5. c4 c6 6. O-O Nbd7 7. Nc3 dxc4 8. Bg5
h6 9. Bxf6 Nxf6 10. Ne5 Nd7 11. Nxc4 Rc8 12. e4 Bh7 13. a3 b5 14. Ne3 Qb6 15.
d5 cxd5 16. exd5 Bc5 17. dxe6 fxe6 18. Qh5+ Kf8 19. Rfe1 Nf6 20. Qe5 Qd6 21.
Qxd6+ Bxd6 22. Nxb5 Bb8 23. Rac1 Kf7 24. Nc4 Rhd8 25. Ncd6+ Bxd6 26. Rxc8 Be7
27. Rxd8 Bxd8 28. Nxa7 Bb6 29. Nc8 Bd4 30. h3 Bxb2 31. a4 Bd4 32. Nd6+ Ke7 33.
Nc4 Bc2 34. a5 Nd7 35. Ne3 Ba4 36. Nf5+ 1-0

[Event "10. OSIJEK OPEN"]
[Site "Osijek"]
[Date "2017.02.24"]
[Round "3.10"]
[White "Grguric, Damir"]
[Black "Rendulic, Dragan"]
[Result "1-0"]
[WhiteElo "2001"]
[BlackElo "1742"]
[PlyCount "35"]
[EventDate "2017.02.23"]

1. d4 Nf6 2. Nf3 g6 3. c4 d5 4. Nc3 Bg7 5. e3 O-O 6. Be2 Bf5 7. Qb3 dxc4 8.
Bxc4 b6 9. Ng5 e6 10. e4 h6 11. Nxf7 Rxf7 12. exf5 Kh7 13. fxg6+ Kxg6 14. Qc2+
Kh5 15. Qe2+ Ng4 16. Bxe6 Qxd4 17. Bxf7+ Kh4 18. g3+ 1-0

[Event "10. OSIJEK OPEN"]
[Site "Osijek"]
[Date "2017.02.24"]
[Round "3.11"]
[White "Cvijanovic, Srecko"]
[Black "Roklicer, Heike"]
[Result "0-1"]
[WhiteElo "1774"]
[BlackElo "1992"]
[PlyCount "74"]
[EventDate "2017.02.23"]

1. e4 c6 2. d4 d5 3. exd5 cxd5 4. Bd3 Nc6 5. c3 g6 6. Bf4 Nf6 7. Qd2 Bf5 8.
Bxf5 gxf5 9. Nf3 Bg7 10. Ne5 e6 11. Qe2 Qb6 12. Na3 a6 13. Rb1 Ne7 14. Qe3 Ng6
15. Bh6 Bxh6 16. Qxh6 Nxe5 17. Qg7 Nd3+ 18. Ke2 Nf4+ 19. Kf3 Ke7 20. Qh6 Ng6
21. h4 Rag8 22. Nc2 Qd6 23. Rbd1 Ne4 24. Nb4 Kd7 25. Nd3 Qf8 26. Qc1 h5 27. g3
Qe7 28. Qc2 Ke8 29. b4 Qc7 30. Nc5 Nxc5 31. bxc5 Kf8 32. Rb1 f4 33. Rb4 fxg3
34. fxg3 Nxh4+ 35. Ke2 Rxg3 36. Qb3 Qf4 37. Rf1 Rg2+ 0-1

[Event "10. OSIJEK OPEN"]
[Site "Osijek"]
[Date "2017.02.24"]
[Round "3.12"]
[White "Turicar, Goran"]
[Black "Imsirovic, Alen"]
[Result "1/2-1/2"]
[WhiteElo "1860"]
[BlackElo "1971"]
[PlyCount "105"]
[EventDate "2017.02.23"]

1. e4 e5 2. Nf3 Nc6 3. d4 exd4 4. Bc4 Nf6 5. O-O Nxe4 6. Re1 d5 7. Bxd5 Qxd5 8.
Nc3 Qa5 9. Nxe4 Be6 10. Bd2 Qd5 11. Bg5 Be7 12. Bxe7 Kxe7 13. Nfg5 Qf5 14. Qd2
h6 15. Nf3 Rad8 16. Rad1 Rhe8 17. Nh4 Qg4 18. Ng3 Kf8 19. Re4 Qg5 20. Qd3 Bg4
21. Nf3 Bxf3 22. Rxe8+ Rxe8 23. Qxf3 Qa5 24. a3 Re1+ 25. Nf1 Ne5 26. Qh5 Rxd1
27. Qxd1 c5 28. Qe2 c4 29. h3 c3 30. b4 Qd5 31. Qd1 d3 32. Ne3 Qe4 33. cxd3
Nxd3 34. Qc2 Qd4 35. Qe2 Nc1 36. Qc2 Qd2 37. Qf5 Ne2+ 38. Kh2 Qd6+ 39. g3 Qc6
40. Qd3 c2 41. Nxc2 Nc1 42. Qd8+ Qe8 43. Qd6+ Kg8 44. Ne3 Qe4 45. Qb8+ Kh7 46.
Qxa7 Nd3 47. Ng4 Ne1 48. Ne3 Nf3+ 49. Kg2 Nd2+ 50. Kg1 Nf3+ 51. Kf1 Qd3+ 52.
Kg2 Ne1+ 53. Kg1 1/2-1/2

[Event "10. OSIJEK OPEN"]
[Site "Osijek"]
[Date "2017.02.24"]
[Round "3.13"]
[White "Zagorscak, Dino"]
[Black "Berke, Ana"]
[Result "1/2-1/2"]
[WhiteElo "1811"]
[BlackElo "2185"]
[PlyCount "100"]
[EventDate "2017.02.23"]

1. e4 c5 2. Nc3 Nc6 3. f4 e6 4. Nf3 Nge7 5. g3 d6 6. Bg2 g6 7. d3 Bg7 8. O-O
O-O 9. Kh1 Nd4 10. Ne2 b6 11. c3 Nxf3 12. Bxf3 Ba6 13. Be3 Qd7 14. Qd2 Rac8 15.
Rfd1 Rfd8 16. Rac1 Bb7 17. Bg2 f5 18. c4 a6 19. b3 Bc6 20. Rg1 b5 21. Nc3 b4
22. Ne2 a5 23. d4 fxe4 24. dxc5 Nf5 25. Rgd1 dxc5 26. Qxd7 Bxd7 27. Bg1 e3 28.
Rd3 Bc6 29. Rxd8+ Rxd8 30. Bxc6 Rd2 31. Re1 Nd4 32. Bxe3 Rxe2 33. Rxe2 Nxe2 34.
Bxc5 Nc3 35. Bb6 Nxa2 36. Bxa5 Bf8 37. Bb6 Nc1 38. Ba4 Nd3 39. Kg2 Nc5 40. Bxc5
Bxc5 41. Kf3 Kf7 42. Ke4 Ke7 43. g4 Bg1 44. h3 Bc5 45. f5 gxf5+ 46. gxf5 h6 47.
fxe6 Kxe6 48. Bc6 Kd6 49. Bd5 Bf2 50. Bg8 Kc5 1/2-1/2

[Event "10. OSIJEK OPEN"]
[Site "Osijek"]
[Date "2017.02.24"]
[Round "3.14"]
[White "Boban, Sten"]
[Black "Mrgan, Franjo"]
[Result "1-0"]
[WhiteElo "2082"]
[BlackElo "1805"]
[PlyCount "63"]
[EventDate "2017.02.23"]

1. d4 d5 2. c4 c6 3. Nc3 Nf6 4. Bg5 e6 5. e3 Be7 6. Nf3 O-O 7. a3 dxc4 8. Bxc4
b5 9. Bd3 Qa5 10. Ne5 h6 11. h4 Nd5 12. Bxe7 Nxe7 13. O-O Bb7 14. Ne4 Na6 15.
Rc1 Rad8 16. Qg4 Nd5 17. Nxc6 Bxc6 18. Rxc6 Nb8 19. Rc5 a6 20. Rxd5 Rxd5 21.
Nf6+ Kh8 22. Nxd5 exd5 23. Qf5 g6 24. Qxd5 Qd2 25. Qc5 Nd7 26. Qc2 Qa5 27. h5
Qb6 28. hxg6 fxg6 29. Bxg6 Rg8 30. Bf7 Rg7 31. Qc8+ Kh7 32. Qxd7 1-0

[Event "10. OSIJEK OPEN"]
[Site "Osijek"]
[Date "2017.02.24"]
[Round "3.15"]
[White "Oreskovic, Pero"]
[Black "Biljcevic, Miodrag"]
[Result "1/2-1/2"]
[WhiteElo "1975"]
[BlackElo "1780"]
[PlyCount "127"]
[EventDate "2017.02.23"]

1. e4 d5 2. exd5 Qxd5 3. Nc3 Qa5 4. d4 c6 5. Bd2 Qc7 6. Bc4 Nf6 7. Nf3 Bg4 8.
O-O e6 9. h3 Bxf3 10. Qxf3 Be7 11. Bf4 Bd6 12. Bg5 Be7 13. Rfe1 O-O 14. Rad1 h6
15. Bf4 Qa5 16. Ne4 Nd5 17. Bd2 Qc7 18. Bd3 f5 19. Nc5 Bxc5 20. dxc5 Qf7 21. c4
Nf6 22. Bf4 Nbd7 23. Bd6 Rfe8 24. b4 Rac8 25. Re2 Qh5 26. Qxh5 Nxh5 27. Rde1
Kf7 28. g4 fxg4 29. hxg4 Nhf6 30. f3 g5 31. Kf2 h5 32. Kg3 Rcd8 33. gxh5 Nxh5+
34. Kg4 Nf4 35. Rd2 Nxd3 36. Rxd3 Kf6 37. Rdd1 Rh8 38. Rh1 Rxh1 39. Rxh1 Kg6
40. Kg3 a6 41. f4 Nf6 42. fxg5 Kxg5 43. Kf3 Kf5 44. Re1 Ra8 45. Re5+ Kg6 46.
Rxe6 Re8 47. Be7 Kf7 48. Rxf6+ Kxe7 49. Rh6 Kd8 50. Rh2 Re1 51. Re2 Rc1 52. Re4
Rc2 53. Ke3 Rxa2 54. Kd3 Ra3+ 55. Kc2 Ra4 56. Kb3 Ra1 57. Re2 Rb1+ 58. Rb2 Rd1
59. Ra2 Rd3+ 60. Ka4 Rc3 61. Ka5 Kc7 62. Ra1 Rc2 63. Ra3 Rc1 64. Ra2 1/2-1/2

[Event "10. OSIJEK OPEN"]
[Site "Osijek"]
[Date "2017.02.24"]
[Round "3.16"]
[White "Kajic, Josip"]
[Black "Vurdelja, Slavko"]
[Result "1/2-1/2"]
[WhiteElo "1733"]
[BlackElo "1914"]
[PlyCount "77"]
[EventDate "2017.02.23"]

1. d4 d5 2. c4 Nf6 3. Nc3 c6 4. Nf3 e6 5. Bg5 Be7 6. e3 Nbd7 7. Be2 h6 8. Bh4
dxc4 9. Bxc4 b5 10. Bd3 Bb7 11. Bxf6 Nxf6 12. Rc1 Rc8 13. O-O O-O 14. Ne4 Nxe4
15. Bxe4 Bd6 16. Ne5 Bxe5 17. dxe5 Qc7 18. Rc5 Rfd8 19. Qc2 Qb6 20. b4 Rd7 21.
Rd1 Qd8 22. Rxd7 Qxd7 23. g3 Kf8 24. a4 a6 25. axb5 axb5 26. Qc1 g6 27. Bf3 Kg7
28. Kf1 Qd3+ 29. Be2 Qe4 30. Kg1 Rd8 31. Qc3 g5 32. h3 Qb1+ 33. Kg2 Ra8 34. Bd3
Qa1 35. Bc2 Qc1 36. Be4 Rc8 37. Kf3 Qd1+ 38. Kg2 Qd7 39. Kf1 1/2-1/2

[Event "10. OSIJEK OPEN"]
[Site "Osijek"]
[Date "2017.02.24"]
[Round "3.17"]
[White "Golubicic, Luka"]
[Black "Dzaferovic, Emir"]
[Result "1/2-1/2"]
[WhiteElo "1913"]
[BlackElo "1733"]
[PlyCount "26"]
[EventDate "2017.02.23"]

1. b3 e5 2. e3 d5 3. Bb2 Nc6 4. Bb5 Bd6 5. f4 Qe7 6. Nf3 Bg4 7. fxe5 Bxe5 8.
Bxc6+ bxc6 9. Bxe5 Bxf3 10. Qxf3 Qxe5 11. d4 Qe7 12. O-O Nf6 13. Nd2 O-O
1/2-1/2

[Event "10. OSIJEK OPEN"]
[Site "Osijek"]
[Date "2017.02.24"]
[Round "3.18"]
[White "Pralija, Marin"]
[Black "Brkic, Valent"]
[Result "0-1"]
[WhiteElo "1724"]
[BlackElo "1911"]
[PlyCount "94"]
[EventDate "2017.02.23"]

1. d4 Nf6 2. e3 e6 3. c4 d5 4. Nc3 Be7 5. Nf3 O-O 6. cxd5 exd5 7. h3 c6 8. Bd3
Re8 9. O-O Bd6 10. Re1 Ne4 11. Bxe4 dxe4 12. Nd2 Bf5 13. f4 exf3 14. Qxf3 Bg6
15. e4 Qh4 16. Rf1 Nd7 17. Nb3 Rad8 18. Be3 Qg3 19. e5 Qxf3 20. Rxf3 Bb8 21.
Na5 Bc7 22. Nb3 Nb6 23. Bg5 Rd7 24. Rd1 h6 25. Bh4 Bc2 26. Rdf1 Bxb3 27. axb3
Rxd4 28. Rxf7 Bxe5 29. Be7 Rd2 30. Bb4 Rxb2 31. Nd1 Rxb3 32. Bc5 Nd5 33. Bxa7
Bf6 34. Rd7 Re2 35. Bf2 Kf8 36. Bc5+ Ke8 37. Rd6 Be7 38. Nf2 Bxd6 39. Bxd6 Rbb2
40. Bg3 b5 41. Ra1 Ra2 42. Rc1 Kd7 43. Kf1 Ne3+ 44. Kg1 Nf5 45. Rd1+ Ke6 46.
Nd3 Rxg2+ 47. Kf1 Nxg3+ 0-1

[Event "10. OSIJEK OPEN"]
[Site "Osijek"]
[Date "2017.02.24"]
[Round "3.19"]
[White "Vukajlovic, Zorana"]
[Black "Lucan, Darko"]
[Result "1/2-1/2"]
[WhiteElo "1709"]
[BlackElo "1900"]
[PlyCount "52"]
[EventDate "2017.02.23"]

1. e4 d6 2. d4 c5 3. Nf3 cxd4 4. Nxd4 g6 5. Nc3 Bg7 6. Be3 Nf6 7. f3 a6 8. Qd2
Bd7 9. g4 Nc6 10. h4 h5 11. gxh5 Nxd4 12. Bxd4 Nxh5 13. Bxg7 Nxg7 14. O-O-O Be6
15. Nd5 Rc8 16. Qb4 Bxd5 17. Rxd5 Rc7 18. Bh3 Qb8 19. Qa4+ Kf8 20. Bg4 e6 21.
Rd2 Rc6 22. f4 Qc7 23. Qd4 Rc4 24. Qe3 b5 25. Be2 Rc6 26. Bf3 Ke7 1/2-1/2

[Event "10. OSIJEK OPEN"]
[Site "Osijek"]
[Date "2017.02.24"]
[Round "3.20"]
[White "Benes, Miodrag"]
[Black "Dragicevic, Ivica"]
[Result "1/2-1/2"]
[WhiteElo "1892"]
[BlackElo "1655"]
[PlyCount "98"]
[EventDate "2017.02.23"]

1. d4 d5 2. c4 e6 3. Nc3 Nf6 4. Nf3 c5 5. Bg5 Nbd7 6. cxd5 cxd4 7. dxe6 fxe6 8.
Nxd4 Nb6 9. e3 h6 10. Bb5+ Kf7 11. Bh4 Nbd5 12. O-O g5 13. Bg3 Bd6 14. Rc1 a6
15. Bd3 Kg7 16. Bb1 Bxg3 17. hxg3 Bd7 18. Qd3 Qe8 19. Rfe1 Rc8 20. e4 Nxc3 21.
bxc3 Qh5 22. Nf3 g4 23. e5 Nd5 24. Nd2 b5 25. Ne4 Be8 26. Nd6 Bg6 27. Qxg6+
Qxg6 28. Bxg6 Kxg6 29. Nxc8 Rxc8 30. Kf1 Kf5 31. Ke2 Kxe5 32. Kd2+ Kf5 33. a3
Rc4 34. Re2 e5 35. Rh1 Nxc3 36. Rh5+ Kg6 37. Rexe5 Nb1+ 38. Kd3 Nxa3 39. f4
gxf3 40. gxf3 b4 41. Rc5 b3 42. Rxc4 Nxc4 43. Rh1 Ne5+ 44. Ke4 Nc4 45. f4 a5
46. Kd3 Nd6 47. Kc3 a4 48. Kb4 Ne4 49. Kxa4 b2 1/2-1/2

[Event "10. OSIJEK OPEN"]
[Site "Osijek"]
[Date "2017.02.24"]
[Round "3.21"]
[White "Perci, Franjo"]
[Black "Lovakovic, Franjo"]
[Result "0-1"]
[WhiteElo "1700"]
[BlackElo "1877"]
[PlyCount "138"]
[EventDate "2017.02.23"]

1. e4 c5 2. Bc4 d6 3. Nc3 Nf6 4. d3 a6 5. a3 Nc6 6. Nge2 e6 7. Bg5 Be7 8. Bxf6
Bxf6 9. O-O Nd4 10. Rb1 b5 11. Ba2 b4 12. axb4 cxb4 13. Na4 Bd7 14. Nxd4 Bxd4
15. c3 bxc3 16. bxc3 Ba7 17. Qc2 O-O 18. Kh1 Qa5 19. Bb3 Rab8 20. Nb2 Rfc8 21.
Nc4 Qc7 22. Ba4 Rxb1 23. Rxb1 Bxa4 24. Qxa4 Bxf2 25. Qxa6 d5 26. exd5 exd5 27.
Nd6 Rd8 28. Nb5 Qe5 29. Qa2 Qe3 30. Qc2 Re8 31. Rf1 Qe1 32. Qd1 Qe3 33. g3 Qe2
34. Nc7 Qxd1 35. Rxd1 Rd8 36. d4 Rd7 37. Na6 f6 38. Kg2 Be3 39. Kf3 Bh6 40. Nb4
g6 41. Ra1 Bf8 42. Ke3 Kf7 43. Kd3 Ke6 44. Ra8 Bxb4 45. cxb4 Rb7 46. Kc3 Rc7+
47. Kd3 Rb7 48. Kc3 Kf5 49. Rc8 Ke4 50. Rc5 f5 51. Rc6 g5 52. Re6+ Kf3 53. Re5
Kg4 54. Rxd5 f4 55. gxf4 gxf4 56. Rd8 Rf7 57. Rg8+ Kh3 58. Kd3 f3 59. Rg1 Kxh2
60. Rb1 Kg2 61. Rb2+ f2 62. d5 Kg1 63. Rb1+ f1=Q+ 64. Rxf1+ Rxf1 65. Kc4 h5 66.
d6 h4 67. Kc5 h3 68. d7 Rd1 69. Kc6 h2 0-1

[Event "10. OSIJEK OPEN"]
[Site "Osijek"]
[Date "2017.02.24"]
[Round "3.22"]
[White "Dabic, Stjepan"]
[Black "Rogulja, Marko"]
[Result "1-0"]
[WhiteElo "1867"]
[BlackElo "1468"]
[PlyCount "49"]
[EventDate "2017.02.23"]

1. d4 d5 2. e3 Nf6 3. Bd3 e6 4. f4 c5 5. c3 c4 6. Bc2 Nc6 7. Nf3 Bd6 8. Nbd2 b5
9. Ne5 Qc7 10. O-O O-O 11. Rf3 Ne7 12. Rh3 Nf5 13. g4 h6 14. gxf5 exf5 15. Rg3
Re8 16. Ndf3 Ng4 17. h3 Nf6 18. Nh4 Ne4 19. Bxe4 fxe4 20. Qh5 Bxe5 21. fxe5 Qe7
22. Qxh6 Qf8 23. Bd2 Re6 24. Qf4 Rf6 25. exf6 1-0

[Event "10. OSIJEK OPEN"]
[Site "Osijek"]
[Date "2017.02.24"]
[Round "3.24"]
[White "Borzan, Andrej"]
[Black "Ljubicic, Ninoslav"]
[Result "0-1"]
[WhiteElo "1657"]
[BlackElo "1821"]
[PlyCount "54"]
[EventDate "2017.02.23"]

1. d4 g6 2. c4 Bg7 3. Nc3 Nf6 4. e4 d6 5. Nf3 Nbd7 6. Be3 O-O 7. Qc1 e5 8. d5
b6 9. Bh6 Ng4 10. Bxg7 Kxg7 11. h3 Nh6 12. b4 f6 13. Bd3 Rf7 14. a4 Nf8 15. g4
Ng8 16. Ne2 f5 17. g5 fxe4 18. Bxe4 Bf5 19. Qe3 Nd7 20. Ng3 Bxe4 21. Nxe4 Qf8
22. Ke2 Rf4 23. Rag1 a5 24. b5 Qf5 25. Qd3 Qxe4+ 26. Qxe4 Rxe4+ 27. Kd3 Nc5+
0-1

[Event "10. OSIJEK OPEN"]
[Site "Osijek"]
[Date "2017.02.24"]
[Round "3.25"]
[White "Mutapcic, Ilija"]
[Black "Kovac, Petar"]
[Result "1-0"]
[WhiteElo "1817"]
[BlackElo "1409"]
[PlyCount "120"]
[EventDate "2017.02.23"]

1. f4 d5 2. Nf3 Nf6 3. e3 Bg4 4. Be2 e6 5. O-O Be7 6. b3 O-O 7. Bb2 Nbd7 8. d3
Bc5 9. d4 Be7 10. Nbd2 c6 11. c4 Rc8 12. Ne5 Bf5 13. g4 Be4 14. g5 Ne8 15. Nxe4
dxe4 16. Qe1 f6 17. Nxd7 Qxd7 18. Qg3 Qd8 19. h4 Nd6 20. Bg4 f5 21. Be2 Qe8 22.
h5 a6 23. c5 Nb5 24. a4 Nc7 25. Kg2 Nd5 26. Rh1 Qd8 27. a5 Nb4 28. Ra4 Nd3 29.
Bc3 Qd5 30. Rb1 e5 31. fxe5 f4 32. Bxd3 fxg3 33. Bc4 Bxg5 34. Bxd5+ cxd5 35.
Re1 Rf3 36. Ra2 Bxe3 37. Ree2 Rcf8 38. b4 R8f5 39. Ra1 Rxh5 40. Rh1 Rxh1 41.
Kxh1 h5 42. Kg2 g5 43. b5 Bc1 44. bxa6 bxa6 45. Rc2 Ba3 46. c6 Rf8 47. c7 Rc8
48. Bd2 g4 49. Bg5 Kf7 50. Kxg3 Ke6 51. Bf4 Bb4 52. Rc6+ Ke7 53. Bg5+ Kd7 54.
Rxa6 Rxc7 55. e6+ Kc8 56. Bf4 Rc3+ 57. Kh4 e3 58. Ra8+ Kb7 59. Rb8+ Ka6 60.
Rxb4 Kxa5 1-0

[Event "10. OSIJEK OPEN"]
[Site "Osijek"]
[Date "2017.02.24"]
[Round "3.28"]
[White "Ascic, Matos"]
[Black "Jakovljevic, Tadija"]
[Result "1-0"]
[WhiteElo "1713"]
[BlackElo "1643"]
[PlyCount "77"]
[EventDate "2017.02.23"]

1. d4 d5 2. Nf3 e6 3. g3 c5 4. c3 Nf6 5. Bg5 a6 6. Nbd2 c4 7. Bg2 Nbd7 8. O-O
Bd6 9. e4 dxe4 10. Nxe4 Be7 11. Ned2 b5 12. Ne5 Nxe5 13. Bxa8 Nd3 14. b3 Nd5
15. Bc6+ Kf8 16. Bxe7+ Kxe7 17. Nxc4 bxc4 18. bxc4 N5f4 19. gxf4 Nxf4 20. Qf3
g5 21. Rae1 Kf6 22. Re4 Kg6 23. Rxf4 gxf4 24. Qxf4 Qg5+ 25. Qxg5+ Kxg5 26. f3
Rg8 27. Kf2 Rd8 28. Ke3 f5 29. Rb1 h5 30. Rb8 f4+ 31. Kf2 e5 32. d5 Kh4 33. Bb7
Rg8 34. Rxc8 Rg7 35. Rb8 Kh3 36. d6 Kxh2 37. Rh8 Rg5 38. d7 h4 39. Rxh4# 1-0